[Event "Perth Huntingdale Masters"]
[Site "Perth"]
[Date "2006.05.25"]
[Round "5"]
[White "Roza, Peter"]
[Black "Horstmann, M."]
[Result "1/2-1/2"]
[WhiteElo "1937"]
[BlackElo "2100"]
[PlyCount "69"]
[EventDate "2006.04.21"]
[EventType "tourn"]
[EventRounds "9"]
[EventCountry "AUS"]
[SourceTitle "EXT 2010"]
[Source "ChessBase"]
[SourceDate "2010.11.25"]
[SourceVersion "1"]
[SourceVersionDate "2010.11.25"]
[SourceQuality "1"]

1. d4 g6 2. e4 Bg7 3. c4 c5 4. d5 d6 5. Nc3 a6 6. Be2 e6 7. Nf3 exd5 8. Nxd5 Nf6 9. Bg5 h6 10. Nxf6+ Bxf6 11. Bxf6 Qxf6 12. Qd2 Bg4 13. 0-0-0 Ke7 14. e5 dxe5 15. Nxe5 Bxe2 16. Rhe1 Kf8 17. Rxe2 Kg7 18. f4 Nc6 19. Nxc6 bxc6 20. Qd6 Rhd8 21. Qxf6+ Kxf6 22. Re5 Rd4 23. Rxc5 Rxf4 24. Rd6+ Ke7 25. Rd2 Rf6 26. Kc2 Rd6 27. Re2+ Kd7 28. Ra5 Re6 29. Rf2 f5 30. Kc3 Kc7 31. Rd2 Kb6 32. b4 Rb8 33. Rd7 Rb7 34. Rd2 Rbe7 35. Kc2 1/2-1/2

[Event "Perth Huntingdale Masters"]
[Site "Perth"]
[Date "2006.05.01"]
[Round "2"]
[White "Horstmann, M."]
[Black "Kurniawan, Stephanus"]
[Result "1/2-1/2"]
[WhiteElo "2100"]
[BlackElo "1987"]
[PlyCount "97"]
[EventDate "2006.04.21"]
[EventType "tourn"]
[EventRounds "9"]
[EventCountry "AUS"]
[SourceTitle "EXT 2010"]
[Source "ChessBase"]
[SourceDate "2010.11.25"]
[SourceVersion "1"]
[SourceVersionDate "2010.11.25"]
[SourceQuality "1"]

1. d4 d5 2. Nf3 Nf6 3. Bg5 e6 4. e3 Be7 5. c4 0-0 6. Nc3 h6 7. Bh4 b6 8. Qc2 Bb7 9. Bxf6 Bxf6 10. cxd5 exd5 11. Bd3 Nc6 12. a3 a6 13. b4 b5 14. 0-0 Ne7 15. Nd2 Nc8 16. Nb3 Nb6 17. a4 c6 18. axb5 cxb5 19. Rfc1 Nc4 20. Nc5 Qe7 21. Ra2 g6 22. Rca1 Rfe8 23. Qe2 Qc7 24. Qf3 Kg7 25. Bxc4 bxc4 26. Nxd5 Bxd5 27. Qxd5 c3 28. Qc4 Qe7 29. Qxc3 Rac8 30. Rxa6 Rc7 31. g3 Rec8 32. Ra8 h5 33. Rxc8 Rxc8 34. Qd3 h4 35. Qe4 Qc7 36. Ra6 h3 37. f4 Qb8 38. Rxf6 Qxb4 39. Rxf7+ Kxf7 40. Qe6+ Kg7 41. Qd7+ Kh6 42. Qxh3+ Kg7 43. Qd7+ Kh6 44. Qe7 Qe1+ 45. Kg2 Qe2+ 46. Kh3 Re8 47. Qf6 Qf1+ 48. Kh4 Qe2 49. Kh3 1/2-1/2